Contexts of justice political philosophy beyond liberalism and communitarianism (Registro nro. 38975)

Detalles MARC
000 -ENCABEZADO
Número de control [NR] 01267nam a2200301Ia 4500
005 - FECHA Y HORA DE LA ÚLTIMA TRANSACCIÓN
control field 20211110133317.0
008 - DE LONGITUD FIJA DE DATOS DE ELEMENTOS - INFORMACIÓN GENERAL
Elementos de longitud fija [NR] 130924s2002 xxu frn 1 eng
020 ## - NUMERO INTERNACIONAL NORMALIZADO PARA LIBROS [R]
Número Internacional Normalizado del libro [NR] 0520214080
040 ## - FUENTE DE CATALOGACION [NR]
Agencia de catalogación original [NR] Co-BoUCM
Idioma de catalogación [NR] spa
Quien Cataloga
Quien Clasifica Aldemar Mondragón (modificó)
041 00 - CODIGO DE IDIOMA [R]
Código de idioma para texto/pista de sonido o título separado [R] Inglés
100 1# - ASIENTO PRINCIPAL--NOMBRE PERSONAL [NR]
Nombre personal [NR] Forst, Rainer
Fechas asociadas con el nombre [NR] 1964-
ID Autoridad 33215
240 10 - TITULO UNIFORME [NR]
Título uniforme [NR] <a href="Kontexte der Gerechtigkeit.">Kontexte der Gerechtigkeit.</a>
Idioma de una obra [NR] English
245 10 - MENCION DE TITULO [NR]
Título [NR] Contexts of justice political philosophy beyond liberalism and communitarianism
Mención de responsabilidad, etc. [NR] Rainer Forst ; traducción por John M.M. Farrell
260 ## - PUBLICACION, DISTRIBUCION, ETC. (PIE DE IMPRENTA) [R]
Lugar de publicación, distribución, etc. [R] Berkeley (California, Estados Unidos)
Nombre del editor, distribuidor, etc. [R] University of California Press
Fecha de publicación, distribución, etc. [R] 2002
300 ## - DESCRIPCION FISICA [R]
Extensión [R] xii, 346 páginas
490 0# - MENCION DE SERIE [R]
Mención de serie [R] Philosophy, Social Theory, and the Rule of Law
504 ## - NOTA DE BIBLIOGRAFIA, ETC. [R]
Nota de bibliografía, etc. [NR] Incluye referencias bibliográficas e índices
650 #7 - ASIENTO SECUNDARIO DE MATERIA - TERMINO TEMATICO [R]
Término temático o nombre geográfico como elemento de entrada [NR] Democracia
9 (RLIN) 12617
650 #7 - ASIENTO SECUNDARIO DE MATERIA - TERMINO TEMATICO [R]
Término temático o nombre geográfico como elemento de entrada [NR] Ética política
9 (RLIN) 15256
650 #7 - ASIENTO SECUNDARIO DE MATERIA - TERMINO TEMATICO [R]
Término temático o nombre geográfico como elemento de entrada [NR] Filosofía política
9 (RLIN) 15841
650 #7 - ASIENTO SECUNDARIO DE MATERIA - TERMINO TEMATICO [R]
Término temático o nombre geográfico como elemento de entrada [NR] Filosofía
9 (RLIN) 75
650 #7 - ASIENTO SECUNDARIO DE MATERIA - TERMINO TEMATICO [R]
Término temático o nombre geográfico como elemento de entrada [NR] Justicia (Filosofía)
9 (RLIN) 18196
690 ## - ASUNTO AGREGADO LOCAL DE ENTRADA - TÉRMINO TEMÁTICO (OCLC, RLIN)
Acceso temático local Filosofía
9 (RLIN) 75
700 1# - ASIENTO SECUNDARIO - NOMBRE PERSONAL [R]
Nombre personal [NR] Farrell, John M.M.
9 (RLIN) 45978
Término de relación [R] traductor
856 41 - LOCALIZACION Y ACCESO ELECTRONICOS [R]
Nota dirigida al público [R] Consulte las tablas de contenido haciendo clic aquí
Identificador Uniforme del Recurso (“URI”) [R] <a href="http://www.loc.gov/catdir/toc/ucal041/2001002084.html">http://www.loc.gov/catdir/toc/ucal041/2001002084.html</a>
942 ## - ELEMENTOS DE ENTRADA AGREGADOS (KOHA)
Tipo de ítem principal el descrito en 300a Libro
Tema principal Filosofía
Edición 1
Parte restante de la signatura top. F733c
Sistema de clasificación DEWEY
Clasificación 172.2
Existencias
Fecha de último préstamo Total préstamos Total Renewals Signatura topográfica Código de barras Última vez visto Ejemplar Costo de reposición Price effective from Tipo de ítem Perdido Sistema de clasificación Dañado No prestable Tipo de ítem específico Suprimido Ubicación habitual Ubicación actual Localización Fecha de creación Proveedor Forma de adquisición Costo
23/05/2023 3 1 172.2 F733c 100136257 05/12/2025 Ej.2 54356.00 16/09/2013 Libro   DEWEY     Libro   Claustro Claustro 2do piso 16/09/2013 15 Compra 56000.00